00382cam a22001097a 4500008004000000082003100040100002500071245005700096260004800153300001000201440006100211180718b1983 xxu||||| |||| 00| 0 eng d aA81x54 In2/81/17/Pap1/1983 aCensus of India 1981 aPunjab: primary census abstract for scheduled castes aDelhibThe Controller of Publicationsc1983 a80+p. aCensus of India 1981. Series-17, Punjab. Paper-1 of 1983